000 00282nam a22001337a 4500
008 181031b xxu||||| |||| 00| 0 eng d
020 _a9780679448501
041 _aeng
080 _a371
100 _a46
101 _aEDU
245 _aQuotationary
_cFrank, L.R
942 _2udc
_cBK
999 _c51367
_d51367